000 00653nam a22002657a 4500
003 UA-OsUOA
001 27209
007 ta
008 20040618b un ||||| |||| 00| 0 ukr d
100 _aГорбач Л.М.
090 _a368(075.8)
_bГ67
942 _cBK
040 _aUA-OsUOA
_bukr
_cUA-OsUOA
_dUA-OsUOA
245 _aСтрахова справа
_bНавчальний посібник
300 _a252 с.
955 _a0
041 _aukr
080 _a368(075.8)
020 _a966-8251-10-5
260 _aКиїв
_bКондор
_c2003
044 _aUA
250 _n2-е вид., випр.
650 7 _2UDC
999 _c313551
_d313551